000 002330000a22000970004500
100 1 _aTomlinson, Dave
245 1 0 _aIssues in modern hermeneutics
300 _aVol. 13, Nñum 3 (1995), Páginas 89-95
773 0 _tEvangel
942 _cANA
999 _c54206
_d54206